| 000 | 01974nam a22002537a 4500 | ||
|---|---|---|---|
| 005 | 20240305165606.0 | ||
| 007 | cr|||| |||| | ||
| 008 | 210519s2011 co |||||s|||| 00||0 spa d | ||
| 020 | _a978-958-8675-51-0 | ||
| 035 | _a33463 | ||
| 040 | _avLex | ||
| 090 |
_c11747 _d11747 |
||
| 100 | 1 | _aZurita Espinoza, Pablo | |
| 245 | 1 | 0 |
_aSer empresario _h[Recurso electrónico] : _bNuevos modelos de conducta empresarial / _cPablo Zurita Espinoza |
| 256 | _aServicio en línea | ||
| 260 |
_aBogotá: _bEdiciones de la U, _c2011 |
||
| 300 | _a1 recurso electrónico | ||
| 500 | _aPara el emprendedor: con este libro se pretende servir de ayuda, para que su proyecto tenga éxito, para que sea capaz de apaciguar su natural empuje y actúe con prudencia, para que encuentre el momento propicio. Sus buenas ideas valen oro, urge que las pueda convertir en realidad. Para el empresario: se pretende servir de ayuda para que cuestione la marcha de su negocio, para que evalúe qué se hace en su empresa y cómo se hace, para que valide cómo controla y cómo deben ser las relaciones con sus clientes, con sus trabajadores, con sus proveedores y con su competencia, nuevas ideas para enfrentar los retos que imponen los nuevos tiempos. Ser empresario es una iniciativa voluntaria que surge de la libertad individual, no se puede obligar a nadie a montar una empresa ni a mantenerla en activo, pero sí se debe exigir responsabilidad a quienes se lanzan a esta bonita aventura. | ||
| 506 | 1 |
_aDisponible solo en los productos indicados _dvLex Global _dvLex Global (Academic Edition, excluding Law Schools) _dvLex Global (U.S. Academic Edition, Law Schools) _dvLex Global (U.S. Academic Edition, excluding Law Schools) _dvLex Global (Academic Edition, Law Schools) |
|
| 650 | 0 | 4 |
_aAdministración (Management) _zColombia |
| 740 | 0 | _avLex Libros (Servicio en línea) | |
| 856 | 4 | 0 | _uhttps://vlex.com/source/ser-empresario-nuevos-modelos-de-conducta-empresarial-33463 |
| 942 | _cRAA | ||
| 999 |
_c169983 _d169983 |
||